La Educación de adultos en América Latina ante el próximo siglo /

Salvato in:
Dettagli Bibliografici
Ente Autore: Seminario Consulta Educación de Adultos: prioridades de acción estratégica para la última década del siglo ( Bogotá)
Natura: Atti del Convegno Libro
Lingua:spagnolo
Soggetti:
Tags: Aggiungi Tag
Nessun Tag, puoi essere il primo ad aggiungerne!!

MARC

LEADER 00000nam^a2200000^a^4500
001 000065843
005 20250521000000.0
009 20260526120150.669
037 |a Acervo ITESO - Biblioteca 
041 |a ESP 
082 |a 374. 980  |b SEM 
111 |a Seminario Consulta Educación de Adultos: prioridades de acción estratégica para la última década del siglo (  |n 1o :  |d 1992 :  |c Bogotá) 
245 1 3 |a La Educación de adultos en América Latina ante el próximo siglo /  |c Presen. de José Rivero, Marta Maurás P. 
264 |a Santiago, Chile :  |b UNESCO :  |b UNICEF,  |c 1994 
300 |a 270 p. 
336 |a texto  |b txt  |2 rdacontenido 
337 |a sin mediación  |b n  |2 rdamedio 
338 |a volumen  |b nc  |2 rdasoporte 
649 |a XX 
650 |a Educación de Adultos -  |z Latinoamérica 
650 |a Educación y Desarrollo 
650 |a Educación y Sociedad 
650 |a Sociología de la Educación 
910 |a Fondo General 
920 |a Impresos - Libros 
930 |a Colección General 
905 |a 101 
901 |a 0500020011  |b IT1  |c ACC  |u 20250521 
901 |a 0500020176  |b IT1  |c ACC  |u 20250521 
902 |a https://opac.biblio.iteso.mx/vufind/Record/000065843